Statistics for Countries of North America - One Minute Sprint

Click here to take the quiz!

General Stats

  • This quiz has been taken 45 times
  • The average score is 19 of 23

Answers on the Map

Answers color-coded by a green-red scale on the quiz's map according to % correct below.
 

Answer Stats

Answer% Correct
Canada
97%
Mexico
97%
United States
97%
Jamaica
92%
Cuba
90%
Bahamas
87%
Guatemala
87%
Haiti
87%
Honduras
87%
Panama
87%
Belize
85%
Dominica
85%
Dominican Republic
85%
El Salvador
85%
Costa Rica
82%
Nicaragua
82%
Saint Kitts and Nevis
82%
Saint Lucia
79%
Trinidad and Tobago
79%
Antigua and Barbuda
74%
Barbados
74%
Saint Vincent and the Grenadines
74%
Grenada
69%

Score Distribution

Percentile by Number Answered

Percent of People with Each Score

Your Score History

You have not taken this quiz